000
00332nam a22001337a 4500
008
180201b xxu||||| |||| 00| 0 eng d
020
_a
0875531180
041
_a
eng
080
_a
612.39
100
_a
10
101
_a
NUT
245
_a
Standart methods for the examination of diary products
_c
Richardson,G.H
942
_2
udc
_c
BK
999
_c
41551
_d
41551